[Event "Wuerzburg op 7th"]
[Site "Wuerzburg"]
[Date "1991.??.??"]
[Round "1"]
[White "Drewes, Mariette"]
[Black "Zupe, Miran"]
[Result "0-1"]
[WhiteElo "2100"]
[BlackElo "2325"]
[PlyCount "42"]
[EventDate "1991.05.21"]
[EventType "swiss"]
[EventRounds "9"]
[EventCountry "GER"]
[SourceTitle "EXT 1997"]
[Source "ChessBase"]
[SourceDate "1996.11.15"]
[SourceVersion "1"]
[SourceVersionDate "1996.11.15"]
[SourceQuality "1"]

1. Nf3 c5 2. g3 Nc6 3. Bg2 g6 4. 0-0 Bg7 5. d3 e5 6. Nbd2 Nge7 7. e4 0-0 8. a4 d6 9. c3 h6 10. Nc4 Be6 11. h4 Qd7 12. Be3 f5 13. exf5 gxf5 14. Nh2 f4 15. Bd2 Kh8 16. gxf4 exf4 17. Re1 d5 18. Na3 Ng6 19. Qh5 Nge5 20. c4 Rf5 21. Qe2 f3 0-1

[Event "NED-ch (Women)"]
[Site "Dieren"]
[Date "1990.??.??"]
[Round "5"]
[White "Drewes, Mariette"]
[Black "De Kleuver, Esther"]
[Result "1/2-1/2"]
[WhiteElo "2120"]
[BlackElo "2140"]
[PlyCount "43"]
[EventDate "1990.??.??"]
[EventType "tourn"]
[EventRounds "9"]
[EventCountry "NED"]
[SourceTitle "EXT 2002"]
[Source "ChessBase"]
[SourceDate "2001.11.25"]
[SourceVersion "1"]
[SourceVersionDate "2001.11.25"]
[SourceQuality "1"]

1. e4 c5 2. c3 e6 3. d4 d5 4. e5 Nc6 5. Nf3 Qb6 6. Be2 Bd7 7. 0-0 Rc8 8. dxc5 Bxc5 9. Bd3 h5 10. Qe2 Nh6 11. Nbd2 Bf8 12. a3 g6 13. c4 Ne7 14. cxd5 exd5 15. Ng5 Bg7 16. Ndf3 Nhf5 17. Bd2 0-0 18. Kh1 Rfe8 19. Rae1 Nc6 20. Bf4 Re7 21. Qd2 Rce8 22. Bxf5 1/2-1/2

[Event "Oisterwijk (Women)"]
[Site "Oisterwijk"]
[Date "1990.??.??"]
[Round "9"]
[White "Dubois, Martine"]
[Black "Drewes, Mariette"]
[Result "1-0"]
[WhiteElo "2055"]
[BlackElo "2120"]
[PlyCount "87"]
[EventDate "1990.??.??"]
[EventType "tourn"]
[EventRounds "9"]
[EventCountry "NED"]
[SourceTitle "TD"]
[Source "ChessBase"]
[SourceDate "1994.03.01"]
[SourceVersion "1"]
[SourceVersionDate "1994.03.01"]
[SourceQuality "1"]

1. e4 d5 2. exd5 Qxd5 3. Nc3 Qa5 4. d4 Nf6 5. Nf3 Bf5 6. Bc4 c6 7. Ne5 e6 8. Qe2 Nbd7 9. Bf4 Bb4 10. Bd2 Nxe5 11. dxe5 Nd5 12. Bxd5 exd5 13. 0-0 Bxc2 14. Qg4 Bg6 15. a3 Be7 16. Rfe1 Qd8 17. Ne2 Qd7 18. Qg3 0-0 19. Nf4 Bf5 20. Nh5 Bg6 21. Nf4 Bf5 22. h4 Kh8 23. Rad1 c5 24. Nxd5 Bxh4 25. Qxh4 Qxd5 26. Bh6 Qc6 27. Rd6 Qc8 28. Bg5 c4 29. Re3 b5 30. Rg3 Bg6 31. Rh3 Qf5 32. g4 Qxe5 33. Rxg6 Qe1+ 34. Kh2 Qe5+ 35. Kg1 Qe1+ 36. Kh2 Qe5+ 37. f4 Qxb2+ 38. Kg1 Qc1+ 39. Kf2 Qd2+ 40. Kf1 Qd1+ 41. Kg2 Qc2+ 42. Kf1 Qb1+ 43. Kf2 Qxg6 44. f5 1-0

[Event "Oisterwijk (Women)"]
[Site "Oisterwijk"]
[Date "1990.??.??"]
[Round "1"]
[White "Harmsen, Jessica MM"]
[Black "Drewes, Mariette"]
[Result "1/2-1/2"]
[WhiteElo "2240"]
[BlackElo "2120"]
[PlyCount "121"]
[EventDate "1990.??.??"]
[EventType "tourn"]
[EventRounds "9"]
[EventCountry "NED"]
[SourceTitle "TD"]
[Source "ChessBase"]
[SourceDate "1994.03.01"]
[SourceVersion "1"]
[SourceVersionDate "1994.03.01"]
[SourceQuality "1"]

1. e4 c6 2. d3 d5 3. Nd2 e5 4. Ngf3 Bd6 5. d4 exd4 6. exd5 cxd5 7. Bb5+ Nc6 8. Nxd4 Nge7 9. N2f3 a6 10. Bd3 Bg4 11. Be3 Ne5 12. h3 Nxd3+ 13. Qxd3 Bh5 14. 0-0-0 Bg6 15. Qb3 Qc7 16. Nh4 Rc8 17. Kb1 Qc4 18. Nxg6 hxg6 19. Rhe1 0-0 20. Qxc4 Rxc4 21. Bf4 Bxf4 22. Rxe7 Rc7 23. Rxc7 Bxc7 24. Ne2 Bb6 25. f3 Re8 26. Nc3 d4 27. Nd5 Ba7 28. Nf4 g5 29. Nd3 Re2 30. Rg1 Bb8 31. Re1 Rxe1+ 32. Nxe1 f6 33. Kc1 Kf7 34. Kd2 Ke6 35. Nd3 Bd6 36. Nf2 Kd5 37. Ne4 Bf4+ 38. Kd3 Bc1 39. b3 Bf4 40. g3 Be5 41. g4 Bb8 42. Ke2 Be5 43. Nf2 Bd6 44. Nd3 Bc7 45. a4 Bd6 46. Kd2 Bc7 47. Nb2 Ke5 48. Ke2 Kd5 49. Nc4 Bd8 50. Kd3 Bc7 51. b4 Bd8 52. Nd2 Be7 53. Nb3 Bxb4 54. Nxd4 Ke5 55. c3 Bc5 56. Kc4 Ba7 57. Ne2 Be3 58. Kd3 Ba7 59. Kc4 Be3 60. Kd3 Ba7 61. c4 1/2-1/2

[Event "NED-ch (Women)"]
[Site "Dieren"]
[Date "1989.07.22"]
[Round "5"]
[White "Drewes, Mariette"]
[Black "Harmsen, Jessica MM"]
[Result "1-0"]
[WhiteElo "2080"]
[BlackElo "2245"]
[PlyCount "121"]
[EventDate "1989.07.18"]
[EventType "tourn"]
[EventRounds "9"]
[EventCountry "NED"]
[SourceTitle "EXT 1997"]
[Source "ChessBase"]
[SourceDate "1996.11.15"]
[SourceVersion "1"]
[SourceVersionDate "1996.11.15"]
[SourceQuality "1"]

1. e4 e6 2. d4 d5 3. Nc3 Bb4 4. Nge2 dxe4 5. a3 Bxc3+ 6. Nxc3 Nc6 7. Bb5 Bd7 8. Be3 Nf6 9. Bg5 h6 10. Bxf6 Qxf6 11. Nxe4 Qf5 12. Qe2 0-0 13. Bxc6 Bxc6 14. f3 Qd5 15. 0-0-0 Qa2 16. Nc3 Qa1+ 17. Nb1 b5 18. Qd3 a5 19. Qc3 Bd5 20. b3 Qa2 21. Qc5 b4 22. Rd2 a4 23. c4 Qxb3 24. cxd5 bxa3 25. Qxa3 Qxd5 26. Nc3 Qa5 27. Qc5 Qxc5 28. dxc5 Ra5 29. Ra2 Rxc5 30. Kc2 Ra8 31. Rha1 Rh5 32. h3 Rg5 33. Kd3 Rd8+ 34. Ke3 Re5+ 35. Kf2 a3 36. Nb1 Ra5 37. Rxa3 Rxa3 38. Rxa3 Kf8 39. Rc3 Rc8 40. Ke3 Ke7 41. Nd2 Kd7 42. f4 Ra8 43. Nf3 f6 44. Nd4 Ra2 45. Kf3 g5 46. f5 exf5 47. Nxf5 h5 48. Rd3+ Kc6 49. Ne7+ Kb5 50. Nd5 Kc4 51. Rd1 Ra3+ 52. Ke4 c5 53. Ne3+ Kb5 54. Rb1+ Kc6 55. Rb6+ Kxb6 56. Nc4+ Kb5 57. Nxa3+ Kb4 58. Nc2+ Kc3 59. Ne3 Kd2 60. g4 h4 61. Nd5 1-0

[Event "Olympiad Women-28"]
[Site "Thessaloniki"]
[Date "1988.11.14"]
[Round "2"]
[White "Drewes, Mariette"]
[Black "Szmacinska, Grazyna"]
[Result "0-1"]
[WhiteElo "2065"]
[BlackElo "2280"]
[PlyCount "90"]
[EventDate "1988.11.13"]
[EventType "team-swiss"]
[EventRounds "14"]
[EventCountry "GRE"]
[SourceTitle "EXT 2019"]
[Source "ChessBase"]
[SourceDate "2018.10.10"]
[SourceVersion "1"]
[SourceVersionDate "2018.10.10"]
[SourceQuality "1"]
[WhiteTeam "Netherlands (W)"]
[BlackTeam "Poland (W)"]
[WhiteTeamCountry "NED"]
[BlackTeamCountry "POL"]

1. e4 e5 2. Nf3 Nc6 3. Bb5 Nf6 4. 0-0 Nxe4 5. Re1 Nd6 6. Bxc6 dxc6 7. Rxe5+ Be7 8. Qe2 f6 9. Re3 Kf7 10. b3 Re8 11. Nc3 Bf8 12. Nd4 Rxe3 13. fxe3 Bd7 14. a4 Kg8 15. Bb2 Qe8 16. e4 Qg6 17. Rf1 Re8 18. d3 Bg4 19. Qf2 a6 20. Nf5 Bxf5 21. exf5 Qh5 22. Qf3 Qg5 23. Qf4 Qh5 24. Qf3 Qf7 25. Ne4 Nxe4 26. dxe4 Qe7 27. Re1 b5 28. e5 Qc5+ 29. Qf2 fxe5 30. Qxc5 Bxc5+ 31. Kf1 Bd6 32. axb5 cxb5 33. Ra1 Ra8 34. Re1 a5 35. Bxe5 Bxe5 36. Rxe5 a4 37. bxa4 bxa4 38. Re1 a3 39. Ra1 Kf7 40. Kf2 Kf6 41. g4 a2 42. Kg3 Ke5 43. Kh4 Kd4 44. Kg5 Kc3 45. h4 Kb2 0-1

[Event "Oberliga NRW 8788 II"]
[Site "Germany"]
[Date "1988.??.??"]
[Round "5"]
[White "Drewes, Mariette"]
[Black "Beeker, Detlef"]
[Result "0-1"]
[WhiteElo "2000"]
[BlackElo "2120"]
[PlyCount "66"]
[EventDate "1987.10.??"]
[EventType "team"]
[EventRounds "9"]
[EventCountry "GER"]
[SourceTitle "EXT 1997"]
[Source "ChessBase"]
[SourceDate "1996.11.15"]
[SourceVersion "1"]
[SourceVersionDate "1996.11.15"]
[SourceQuality "1"]
[WhiteTeam "Bochum 31 II"]
[BlackTeam "Duisburg"]
[WhiteTeamCountry "GER"]
[BlackTeamCountry "GER"]

1. e4 c5 2. Nf3 Nc6 3. d4 cxd4 4. Nxd4 e6 5. Be2 Nf6 6. Nc3 Qc7 7. Ndb5 Qb8 8. Be3 a6 9. Nd4 Bb4 10. 0-0 Bxc3 11. bxc3 Nxe4 12. Nxc6 dxc6 13. Qd4 Nf6 14. Bf4 c5 15. Qd2 e5 16. Rfe1 0-0 17. Bg3 Ne4 18. Qe3 Nxg3 19. hxg3 Bf5 20. Bf3 Re8 21. Rab1 e4 22. Qxc5 Qc8 23. Qxc8 Raxc8 24. Bh5 b5 25. Re3 Rc4 26. Rd1 Ra4 27. Rd5 g6 28. Be2 Rxa2 29. c4 b4 30. c5 Rxc2 31. Bxa6 b3 32. Rd1 b2 33. Rb3 Ra8 0-1

[Event "Oberliga NRW 8788 II"]
[Site "Germany"]
[Date "1988.??.??"]
[Round "7"]
[White "Schubert, W."]
[Black "Drewes, Mariette"]
[Result "1/2-1/2"]
[WhiteElo "1895"]
[BlackElo "2000"]
[PlyCount "202"]
[EventDate "1987.10.??"]
[EventType "team"]
[EventRounds "9"]
[EventCountry "GER"]
[SourceTitle "EXT 1997"]
[Source "ChessBase"]
[SourceDate "1996.11.15"]
[SourceVersion "1"]
[SourceVersionDate "1996.11.15"]
[SourceQuality "1"]
[WhiteTeam "Essen Borbeck"]
[BlackTeam "Bochum 31 II"]
[WhiteTeamCountry "GER"]
[BlackTeamCountry "GER"]

1. d4 c6 2. c4 d5 3. Nf3 Nf6 4. Nc3 dxc4 5. e4 b5 6. e5 Nd5 7. Ng5 Bf5 8. g4 Bg6 9. f4 e6 10. Bh3 h6 11. Nf3 Bd3 12. Bf1 Nb4 13. Bxd3 Nxd3+ 14. Kf1 h5 15. g5 Na6 16. Qe2 g6 17. b3 Bb4 18. Ne4 Nc7 19. Qc2 Nxc1 20. Qxc1 Nd5 21. Kf2 0-0 22. bxc4 bxc4 23. Nf6+ Kg7 24. Qxc4 Qa5 25. Kg3 Ne3 26. Qb3 Bc3 27. Rac1 Nf5+ 28. Kh3 Bxd4 29. Rxc6 Rab8 30. Qd3 Rfd8 31. Ra6 Qc5 32. Rd1 Qc8 33. Ra3 Qc6 34. Qe4 Qxe4 35. Nxe4 Be3 36. Nd6 Bc5 37. Rad3 Bb6 38. R1d2 Ne3 39. Nd4 Bxd4 40. Rxd4 Nd5 41. Ra4 Rd7 42. Kg3 Rc7 43. Rad4 Ne3 44. Kf3 Nd5 45. h3 Rc3+ 46. R4d3 Rc1 47. Rd1 Rc2 48. R1d2 Rc1 49. Rd1 Rbb1 50. Rxc1 Rxc1 51. Ra3 Rf1+ 52. Kg3 Rxf4 53. Rxa7 h4+ 54. Kh2 Rf2+ 55. Kg1 Re2 56. Ne8+ Kg8 57. Ra8 Kh7 58. Ra4 Rxe5 59. Rxh4+ Kg8 60. Rg4 Re1+ 61. Kf2 Ra1 62. a4 Ra2+ 63. Kg3 Kf8 64. Nd6 Ke7 65. Nb7 e5 66. a5 Nf4 67. Kf3 Ke6 68. Nd8+ Ke7 69. Nc6+ Kd6 70. Nxe5 Nxh3 71. Nxf7+ Ke6 72. Nh8 Kf5 73. Rb4 Nxg5+ 74. Ke3 Ra3+ 75. Ke2 Rxa5 76. Rb6 Re5+ 77. Kd3 Ne6 78. Nxg6 Kxg6 79. Kd2 Kf5 80. Ra6 Nc5 81. Rh6 Ke4 82. Rh4+ Kd5 83. Rh8 Nb3+ 84. Kd3 Nc5+ 85. Kd2 Kd4 86. Rd8+ Kc4 87. Rc8 Rh5 88. Ke3 Rh4 89. Kf3 Rd4 90. Ke3 Re4+ 91. Kf3 Re7 92. Kf4 Kd4 93. Rd8+ Nd7 94. Kf3 Rf7+ 95. Ke2 Ke4 96. Re8+ Ne5 97. Kd2 Rc7 98. Re6 Rc5 99. Re8 Rd5+ 100. Kc3 Ke3 101. Rh8 Rc5+ 1/2-1/2

[Event "Budel (Women) zt"]
[Site "Budel"]
[Date "1987.05.28"]
[Round "7"]
[White "Tagnon, Nicole"]
[Black "Drewes, Mariette"]
[Result "0-1"]
[WhiteElo "2150"]
[BlackElo "2035"]
[PlyCount "80"]
[EventDate "1987.05.20"]
[EventType "tourn"]
[EventRounds "7"]
[EventCountry "NED"]
[SourceTitle "EXT 2013"]
[Source "ChessBase"]
[SourceDate "2012.11.22"]
[SourceVersion "1"]
[SourceVersionDate "2012.11.22"]
[SourceQuality "1"]

1. e4 e6 2. d4 d5 3. Nd2 Nf6 4. e5 Nfd7 5. f4 c5 6. c3 Nc6 7. Ndf3 Qa5 8. Ne2 Be7 9. g3 Qc7 10. Bh3 f5 11. exf6 Nxf6 12. Ng5 Nd8 13. dxc5 Bxc5 14. Nd4 e5 15. Qa4+ Kf8 16. Bxc8 exd4 17. Be6 Qe7 18. f5 h6 19. Nf3 Nxe6 20. fxe6 Qxe6+ 21. Kd1 Qe4 22. Rf1 Re8 23. Qb5 b6 24. cxd4 Bxd4 25. Bd2 Bc5 26. Nh4 Kg8 27. Re1 Qg4+ 28. Kc2 Re4 29. b3 Kh7 30. Qd3 Rc8 31. Kb1 Bd4 32. h3 Qe6 33. Nf3 Bxa1 34. g4 Kg8 35. Kxa1 Rxe1+ 36. Nxe1 Qe5+ 37. Kb1 Qe4 38. g5 hxg5 39. Bxg5 Qxe1+ 40. Kb2 Qf2+ 0-1

[Event "Oberliga NRW 8788 II"]
[Site "Germany"]
[Date "1987.??.??"]
[Round "7"]
[White "Kamp, A."]
[Black "Drewes, Mariette"]
[Result "1-0"]
[WhiteElo "2015"]
[BlackElo "2000"]
[PlyCount "82"]
[EventDate "1987.10.??"]
[EventType "team"]
[EventRounds "9"]
[EventCountry "GER"]
[SourceTitle "EXT 1997"]
[Source "ChessBase"]
[SourceDate "1996.11.15"]
[SourceVersion "1"]
[SourceVersionDate "1996.11.15"]
[SourceQuality "1"]
[WhiteTeam "Bottrop"]
[BlackTeam "Bochum 31 II"]
[WhiteTeamCountry "GER"]
[BlackTeamCountry "GER"]

1. e4 c6 2. d4 d5 3. Nc3 dxe4 4. Nxe4 Nf6 5. Nxf6+ gxf6 6. Be2 Bf5 7. Nf3 e6 8. 0-0 Bd6 9. c4 Rg8 10. Kh1 Be4 11. Re1 f5 12. Bf1 Nd7 13. d5 Nf6 14. dxe6 Ng4 15. exf7+ Kxf7 16. Be3 Rg6 17. h3 Nxe3 18. Rxe3 Qf6 19. Qb3 c5 20. Rxe4 fxe4 21. Qxb7+ Qe7 22. Qxa8 exf3 23. Qxf3+ Kg7 24. Rd1 Rf6 25. Qc3 Kg8 26. Kg1 Be5 27. Qe3 Re6 28. Qf3 Bd4 29. Rxd4 cxd4 30. Qg4+ Kf8 31. Qxd4 Rf6 32. g3 Kf7 33. c5 h5 34. Bc4+ Kg6 35. h4 Rc6 36. b4 Qe1+ 37. Kg2 Rf6 38. Bd5 Qc1 39. Qe3 Qb2 40. Qg5+ Kh7 41. Qg8+ Kh6 1-0

[Event "EU-ch U20 Girls"]
[Site "Baile Herculane"]
[Date "1986.03.23"]
[Round "12"]
[White "Abraham, Ines"]
[Black "Drewes, Mariette"]
[Result "0-1"]
[WhiteElo "1900"]
[BlackElo "1940"]
[PlyCount "88"]
[EventDate "1986.03.11"]
[EventType "tourn"]
[EventRounds "13"]
[EventCountry "ROU"]
[SourceTitle "EXT 2015"]
[Source "ChessBase"]
[SourceDate "2014.11.20"]
[SourceVersion "1"]
[SourceVersionDate "2014.11.20"]
[SourceQuality "1"]

1. Nf3 d5 2. g3 Nf6 3. Bg2 Bf5 4. c4 c6 5. b3 h6 6. Bb2 e6 7. 0-0 Nbd7 8. d3 Be7 9. e3 0-0 10. Nc3 a5 11. Ne1 Bh7 12. f4 Qb6 13. Qe2 Rfd8 14. Kh1 Qa6 15. g4 Rf8 16. g5 hxg5 17. fxg5 Ne8 18. Qh5 Bg6 19. Qh4 Qb6 20. Rf3 Qc7 21. cxd5 f6 22. dxc6 Ne5 23. cxb7 Rb8 24. Rh3 Bf5 25. Nd5 Qd7 26. Nxe7+ Qxe7 27. gxf6 Qxf6 28. Qxf6 gxf6 29. Bxe5 fxe5 30. Rg3+ Kf7 31. Rc1 Nd6 32. Rc7+ Kf6 33. e4 Bg6 34. Nf3 Bf7 35. Rh3 Rxb7 36. Rh6+ Kg7 37. Rxb7 Nxb7 38. Rh3 Rc8 39. Rg3+ Kf6 40. Bf1 Rc1 41. Kg1 Nc5 42. Nh4 Bh5 43. h3 Be2 44. Rg6+ Kf7 0-1

[Event "EU-ch U20 Girls"]
[Site "Baile Herculane"]
[Date "1986.03.20"]
[Round "9"]
[White "Drewes, Mariette"]
[Black "Madl, Ildiko"]
[Result "0-1"]
[WhiteElo "1940"]
[BlackElo "2185"]
[PlyCount "114"]
[EventDate "1986.03.11"]
[EventType "tourn"]
[EventRounds "13"]
[EventCountry "ROU"]
[SourceTitle "EXT 2015"]
[Source "ChessBase"]
[SourceDate "2014.11.20"]
[SourceVersion "1"]
[SourceVersionDate "2014.11.20"]
[SourceQuality "1"]

1. e4 c5 2. c3 d5 3. exd5 Qxd5 4. d4 e6 5. Nf3 Nf6 6. Na3 Qd8 7. Nc2 Nbd7 8. Bd3 Qc7 9. Bg5 b6 10. Qe2 Be7 11. 0-0 Bb7 12. Rae1 0-0 13. Ne5 cxd4 14. cxd4 Rad8 15. f4 Nd5 16. Nxd7 Rxd7 17. Qh5 g6 18. Qh6 Bd6 19. Bb5 Bc6 20. Bxc6 Qxc6 21. Ne3 f6 22. Bh4 Nxe3 23. Rxe3 Qd5 24. Bf2 Qxa2 25. Qh3 Re7 26. Rfe1 Rfe8 27. Qh4 Qxb2 28. R3e2 Qb5 29. Qxf6 Qf5 30. Bh4 Qxf6 31. Bxf6 Rd7 32. Be5 Bxe5 33. dxe5 Rc8 34. Ra2 Rc5 35. Rea1 Rcc7 36. Ra6 Kf7 37. Kf2 b5 38. Ke3 b4 39. Rb1 Rc3+ 40. Ke2 b3 41. Ra3 Rc2+ 42. Ke3 b2 43. Rb3 Rdd2 44. Rb7+ Ke8 45. Rxa7 Re2+ 46. Kd3 Rc1 47. Rxc1 bxc1Q 48. Kxe2 Qc4+ 49. Kf3 Qd3+ 50. Kg4 h5+ 51. Kg5 Qf5+ 52. Kh6 Qxf4+ 53. Kxg6 Qxe5 54. Ra8+ Kd7 55. Ra7+ Kc6 56. Re7 Qf5+ 57. Kg7 e5 0-1

[Event "EU-ch U20 Girls"]
[Site "Baile Herculane"]
[Date "1986.03.11"]
[Round "1"]
[White "Coull, Alison Jane"]
[Black "Drewes, Mariette"]
[Result "0-1"]
[WhiteElo "1900"]
[BlackElo "1940"]
[PlyCount "82"]
[EventDate "1986.03.11"]
[EventType "tourn"]
[EventRounds "13"]
[EventCountry "ROU"]
[SourceTitle "EXT 2015"]
[Source "ChessBase"]
[SourceDate "2014.11.20"]
[SourceVersion "1"]
[SourceVersionDate "2014.11.20"]
[SourceQuality "1"]

1. e4 e6 2. d4 d5 3. Nd2 Nf6 4. e5 Nfd7 5. Bd3 c5 6. c3 Nc6 7. Ne2 cxd4 8. cxd4 f6 9. exf6 Nxf6 10. 0-0 Bd6 11. Nf3 Qc7 12. Nc3 a6 13. h3 0-0 14. Be3 g6 15. Rc1 Kh8 16. Na4 Ng8 17. Nc5 Qg7 18. Be2 Nge7 19. Ng5 Rf6 20. Bd3 Nf5 21. Bb1 Bb8 22. Qg4 h5 23. Qe2 Qc7 24. f4 Ng3 25. Qd2 Nxf1 26. Rxf1 Kg7 27. Qf2 Ba7 28. Rc1 Qe7 29. Qg3 b6 30. Nd3 Bd7 31. Ne5 Nxe5 32. dxe5 Rff8 33. Nf3 Be8 34. Nh4 Qf7 35. Qf2 b5 36. Bxa7 Qxa7 37. Rf1 Qxf2+ 38. Rxf2 Rc8 39. Bc2 Rc4 40. g3 g5 41. fxg5 Rxf2 0-1